000 00302nam a22001337a 4500
008 171024b xxu||||| |||| 00| 0 eng d
020 _a087484813
041 _aeng
080 _a311
100 _a55
101 _aSTA
245 _aSTATISTICS FOR BEHAVIOR SCIENCES
_cTHORNE.B.M
942 _2udc
_cBK
999 _c35729
_d35729